• 首页
  • 本馆介绍
  • 公告通知
  • 最新文献
  • 馆藏检索
  • 电子资源
  • 读者导购
  • 参考咨询
  • 我的图书馆
  • 登录
  • 详细信息显示
  • 放入我的书架
  • 预约/预借图书
  • 作者相关作品
  • 分类相关作品
  • 丛书相关作品
  • 出版社相关作品

书目信息

  • 表格格式
  • 工作单格式
  • 卡片格式
题名:
伦理与文明
    
 
作者: 贾英健 主编
分册: 第5辑  
出版信息: 北京   社会科学文献出版社  2017.05
页数: 228页
开本: 24cm
丛书名:
单 册:
中图分类: B82-53
科图分类:
主题词: 伦理学--文集
电子资源:
ISBN: 978-7-5201-0410-4
000 00958nam0 2200253 450
001 0120172190109
005 20170911174438.34
010    @a978-7-5201-0410-4@dCNY69.00
100    @a20170510d2017 em y0chiy50 ea
101 0  @achi
102    @aCN@b110000
105    @ay z 000yy
106    @ar
200 1  @a伦理与文明@9lun li yu wen ming@h第5辑@dEthics and civilization@hVol.5@f贾英健主编@zeng
210    @a北京@c社会科学文献出版社@d2017.05
215    @a228页@d24cm
330    @a《伦理与文明》是全面介绍社会主义核心价值观和公民道德建设问题的连续出版物。本辑主要包括传统伦理与传统文化、文化自信与文化建设、公民道德建设、调查研究四个主题,文章作者涵盖不同地区、职业和研究领域。
333    @a中国伦理学、哲学、中国文化领域研究人员
510 1  @aEthics and civilization@hVol.5@zeng
606 0  @a伦理学@j文集
690    @aB82-53@v5
701  0 @a贾英健@9jia ying jian@4主编
801  0 @aCN@b人天书店@c20170510
905    @b1068404-09@dB82-53@e919:5@f6
    
    伦理与文明.第5辑=Ethics and civilization.Vol.5/贾英健主编.-北京:社会科学文献出版社,2017.05
    228页;24cm
    使用对象:中国伦理学、哲学、中国文化领域研究人员
    
    ISBN 978-7-5201-0410-4:CNY69.00
    《伦理与文明》是全面介绍社会主义核心价值观和公民道德建设问题的连续出版物。本辑主要包括传统伦理与传统文化、文化自信与文化建设、公民道德建设、调查研究四个主题,文章作者涵盖不同地区、职业和研究领域。
●
相关链接 在E读中查询图书 在五车中查询图书 在当当中查询图书 在豆瓣中查询图书


正题名:伦理与文明     索取号:B82-53/919:5         预约/预借

序号 登录号 条形码 馆藏地/架位号 状态 备注
1 1068404   210684044   第一样本阅览室/ [索取号:B82-53/919:5] 在馆    
2 1068405   210684053   第一借阅区/ [索取号:B82-53/919:5] 在馆    
3 1068406   210684062   第一借阅区/ [索取号:B82-53/919:5] 在馆    
4 1068407   210684071   第一借阅区/ [索取号:B82-53/919:5] 在馆    
5 1068408   210684080   第一借阅区/ [索取号:B82-53/919:5] 在馆    
6 1068409   210684099   密集书库-马院/ [索取号:B82-53/919:5] 在馆    
唐山师范学院图书馆 欢迎您!
大连网信软件有限公司© 版权所有